Fish larval physiology

Other Authors: Kapoor, B. G., Finn, Roderick Nigel
Language:English
Published: USA: CRC Press, 2008.
Subjects:
LEADER 00875cam a2200229 7i4500
001 0000129377
005 20170807090000.0
008 170523 -us eng
020 # 0 |a 9781578083886  
020 # 0 |a 1578083885  
090 0 0 |a QL 639.25   |b .F5 2008 
245 0 0 |a Fish larval physiology   |c edited by Roderick Nigel Finn, B.G. Kapoor. 
260 # # |a USA:   |b CRC Press,   |c 2008. 
300 # # |a xv, 724 p.:   |b ill. (some color);   |c 25 cm.. 
504 0 0 |a Includes bibliographical references and indexes 
590 # # |a Pusat Pengajian Sains Perikanan dan Akuakultur 
650 0 0 |a Fishes --   |x Larvae --   |x Physiology  
700 1 1 |a Kapoor, B. G.  
700 1 1 |a Finn, Roderick Nigel  
999 |a 1100100378  |b Book  |c Open Shelf  |e KOLEKSI TERBUKA 
999 |a 1100104197  |b Book  |c Open Shelf  |e KOLEKSI TERBUKA 
999 |a 1100100379  |b Book  |c Koleksi Buku Berbintik Merah (Red Spot)  |e KOLEKSI KHAS